[Event "Bad Woerishofen sen"]
[Site "?"]
[Date "2002.??.??"]
[Round "6"]
[White "Rueggeberg, Wilhelm"]
[Black "Geissler, Dieter"]
[Result "0-1"]
[WhiteElo "1851"]
[BlackElo "2058"]
[Annotator "ChessOrg"]
[PlyCount "104"]
[EventDate "2002.??.??"]

1. d4 d5 2. c4 e6 3. Nf3 Nf6 4. Nc3 c6 5. e3 Bd6 6. Bd2 Nbd7 7. cxd5 exd5 8.
Bd3 O-O 9. O-O Re8 10. Qc2 Qe7 11. Rfe1 Ne4 12. g3 g6 13. Bf1 f5 14. Bg2 Ndf6
15. Rec1 h6 16. Be1 Kg7 17. a3 a6 18. Nd1 Bd7 19. Nd2 Rec8 20. Nxe4 fxe4 21. f4
exf3 22. Bxf3 Bf5 23. Qe2 Re8 24. Bd2 Be4 25. Nc3 Bf5 26. Rf1 Qe6 27. Rad1 Bh3
28. Bg2 Bf5 29. Bc1 Re7 30. Rde1 Rae8 31. Nd1 Qd7 32. Nf2 c5 33. Qd1 c4 34. b3
b5 35. bxc4 bxc4 36. Re2 c3 37. Rfe1 Qc7 38. Qb3 Rb8 39. Qa2 Bb1 40. Qa1 Qc6
41. Nd1 Bd3 42. Nxc3 Bxe2 43. Rxe2 Rb3 44. Bb2 Qb7 45. Bf3 Rc7 46. Nd1 Qb5 47.
Kg2 Rc4 48. h3 Qc6 49. e4 Bf8 50. exd5 Nxd5 51. Nc3 Rbxc3 52. Kh2 Rxf3 0-1

[Event "Bad Woerishofen sen"]
[Site "?"]
[Date "2002.??.??"]
[Round "6"]
[White "Potthammel, Joerg"]
[Black "Gretzer, Otmar"]
[Result "1/2-1/2"]
[WhiteElo "2073"]
[BlackElo "2174"]
[Annotator "ChessOrg"]
[PlyCount "21"]
[EventDate "2002.??.??"]

1. e4 c6 2. d4 d5 3. e5 Bf5 4. Nf3 e6 5. Be2 c5 6. O-O Nc6 7. Be3 cxd4 8. Nxd4
Nxd4 9. Bxd4 Ne7 10. f4 Nc6 11. Bf2 1/2-1/2

[Event "Bad Woerishofen sen"]
[Site "?"]
[Date "2002.??.??"]
[Round "6"]
[White "Walther, Diethelm"]
[Black "Zunker, Reinhard"]
[Result "1/2-1/2"]
[WhiteElo "2091"]
[BlackElo "2227"]
[Annotator "ChessOrg"]
[PlyCount "21"]
[EventDate "2002.??.??"]

1. d4 Nf6 2. Bg5 e6 3. Nf3 h6 4. Bh4 c5 5. c3 cxd4 6. Nxd4 Be7 7. Nd2 a6 8. e4
d6 9. Be2 Qc7 10. O-O O-O 11. Bg3 1/2-1/2

[Event "Bad Woerishofen sen"]
[Site "?"]
[Date "2002.??.??"]
[Round "6"]
[White "Schlag, Franz"]
[Black "Delander, Adolf"]
[Result "1/2-1/2"]
[WhiteElo "2147"]
[BlackElo "2252"]
[Annotator "ChessOrg"]
[PlyCount "22"]
[EventDate "2002.??.??"]

1. Nc3 d5 2. e4 dxe4 3. Nxe4 Nd7 4. d4 e6 5. Nf3 Ngf6 6. Ng3 c5 7. c3 cxd4 8.
Nxd4 Bc5 9. Be2 O-O 10. O-O Nb6 11. Nb3 Be7 1/2-1/2

[Event "Bad Woerishofen sen"]
[Site "?"]
[Date "2002.??.??"]
[Round "6"]
[White "Minz, Michail"]
[Black "Ottmann, Josef"]
[Result "1/2-1/2"]
[WhiteElo "2133"]
[BlackElo "1950"]
[Annotator "ChessOrg"]
[PlyCount "47"]
[EventDate "2002.??.??"]

1. e4 e5 2. Nf3 Nf6 3. Nc3 Nc6 4. Bb5 Bb4 5. Qe2 Bxc3 6. dxc3 d6 7. Bg5 h6 8.
Bh4 Qe7 9. h3 Bd7 10. Bxc6 Bxc6 11. Nd2 Qe6 12. c4 a5 13. g4 g5 14. Bg3 h5 15.
O-O-O h4 16. Bh2 Nd7 17. f3 b6 18. Bg1 f6 19. Nb1 Kf7 20. Nc3 Rhb8 21. a4 Rb7
22. b3 Nb8 23. Be3 Kg6 24. Kd2 1/2-1/2

[Event "Bad Woerishofen sen"]
[Site "?"]
[Date "2002.??.??"]
[Round "6"]
[White "Born, Bernd-Ludger"]
[Black "Bierwisch, Bernhard"]
[Result "1/2-1/2"]
[WhiteElo "2017"]
[BlackElo "2171"]
[Annotator "ChessOrg"]
[PlyCount "37"]
[EventDate "2002.??.??"]

1. c4 Nf6 2. Nc3 d6 3. g3 e5 4. Bg2 c6 5. d4 Qc7 6. dxe5 dxe5 7. Nf3 Be6 8. b3
Na6 9. O-O Rd8 10. Qc2 g6 11. Bg5 Be7 12. Ne4 Nxe4 13. Bxe7 Qxe7 14. Qxe4 f6
15. Qe3 Qc5 16. Qh6 Kf7 17. Rad1 Qf8 18. Qe3 Qc5 19. Qh6 1/2-1/2

[Event "Bad Woerishofen sen"]
[Site "?"]
[Date "2002.??.??"]
[Round "6"]
[White "Rahn, Oskar"]
[Black "Claus, Joachim"]
[Result "1-0"]
[WhiteElo "2060"]
[BlackElo "1900"]
[Annotator "ChessOrg"]
[PlyCount "71"]
[EventDate "2002.??.??"]

1. d4 Nf6 2. Bg5 g6 3. Bxf6 exf6 4. e4 Bg7 5. Nf3 O-O 6. Bd3 d6 7. O-O c6 8. c3
Nd7 9. Nbd2 Re8 10. Qc2 Nf8 11. Rfe1 Qc7 12. b4 Bg4 13. h3 Bxf3 14. Nxf3 Rad8
15. Rab1 Nd7 16. a4 a6 17. b5 axb5 18. axb5 c5 19. b6 Qc8 20. Qb3 Re7 21. Bc4
Nb8 22. Bd5 Nc6 23. Qc4 cxd4 24. cxd4 Qd7 25. Rec1 Rc8 26. Qa4 Ree8 27. Bxc6
Rxc6 28. Rxc6 Qxc6 29. Qxc6 bxc6 30. b7 Rb8 31. d5 c5 32. Nd2 f5 33. exf5 Bc3
34. Nc4 Kf8 35. Rb6 Be5 36. Na5 1-0

[Event "Bad Woerishofen sen"]
[Site "?"]
[Date "2002.??.??"]
[Round "6"]
[White "Limberg, Siegfried"]
[Black "Aigner, Georg"]
[Result "0-1"]
[WhiteElo "2111"]
[BlackElo "1830"]
[Annotator "ChessOrg"]
[PlyCount "64"]
[EventDate "2002.??.??"]

1. d4 d5 2. Nf3 Bg4 3. Nbd2 Nf6 4. e3 Nbd7 5. Be2 e6 6. c4 c6 7. a3 a5 8. b3
Bd6 9. Bb2 c5 10. O-O O-O 11. Ne5 Bxe2 12. Qxe2 Ne8 13. Nxd7 Qxd7 14. cxd5 exd5
15. dxc5 Bxc5 16. Nf3 Qf5 17. Rfd1 Nc7 18. Qd2 Bd6 19. Rac1 Rfd8 20. Qd4 f6 21.
Qb6 Ne6 22. Qb5 b6 23. h3 Nc5 24. Kf1 Be7 25. Rd4 Rd6 26. Rf4 Qd3+ 27. Qxd3
Nxd3 28. Re1 Nxf4 29. exf4 Rd7 30. Nd4 Bc5 31. Nc6 d4 32. Bxd4 Rxd4 0-1

[Event "Bad Woerishofen sen"]
[Site "?"]
[Date "2002.??.??"]
[Round "6"]
[White "Storkebaum, Karl-Heinz"]
[Black "Miessner, Rolf"]
[Result "1-0"]
[WhiteElo "1848"]
[BlackElo "1680"]
[Annotator "ChessOrg"]
[PlyCount "59"]
[EventDate "2002.??.??"]

1. d4 Nf6 2. c4 e6 3. Nc3 Bb4 4. Qc2 c5 5. dxc5 Bxc5 6. Nf3 Nc6 7. Bg5 Be7 8.
e4 Ng4 9. Bxe7 Kxe7 10. a3 Re8 11. h3 Nge5 12. Nxe5 Nxe5 13. O-O-O a6 14. f4
Ng6 15. Qd2 Qc7 16. e5 b6 17. Kb1 Bb7 18. h4 Rad8 19. h5 Nh8 20. Qd6+ Qxd6 21.
Rxd6 Bc6 22. b4 b5 23. cxb5 axb5 24. Nxb5 Be4+ 25. Kb2 Rc8 26. Nc3 Ba8 27. Bb5
Bc6 28. Rhd1 Rc7 29. Bxc6 dxc6 30. Ne4 1-0

[Event "Bad Woerishofen sen"]
[Site "?"]
[Date "2002.??.??"]
[Round "6"]
[White "Neese, Hans-Joachim"]
[Black "Wild, Gerhard"]
[Result "1-0"]
[WhiteElo "2136"]
[BlackElo "1987"]
[Annotator "ChessOrg"]
[PlyCount "135"]
[EventDate "2002.??.??"]

1. d4 d5 2. Nf3 Nf6 3. Bf4 c5 4. e3 Nc6 5. c3 e6 6. Nbd2 Bd6 7. Ne5 Qc7 8. Ndf3
O-O 9. Bg3 Ne4 10. Nxc6 Qxc6 11. Bd3 b6 12. Ne5 Qc7 13. f3 f6 14. fxe4 fxe5 15.
Qh5 g6 16. Qg5 cxd4 17. exd4 Bb7 18. dxe5 Be7 19. Qg4 dxe4 20. Bxe4 Bxe4 21.
Qxe4 Rad8 22. Rd1 Bg5 23. Rd6 Be7 24. Rxd8 Qxd8 25. Rf1 Rxf1+ 26. Kxf1 Bc5 27.
Ke2 Qc8 28. a3 Qd7 29. b4 Be7 30. Bf4 Kg7 31. c4 a5 32. Bd2 axb4 33. axb4 Qa7
34. Qc6 Kf7 35. Qf3+ Kg7 36. Qh3 Qd7 37. Qd3 Qc7 38. Qe4 Qa7 39. Qd3 Qc7 40.
Kf1 Qa7 41. Qc3 Qc7 42. h3 Qc6 43. Kg1 Bd8 44. Qd4 Be7 45. Kh2 Kf7 46. Qc3 Kg7
47. Qd4 Qc7 48. b5 Bf6 49. Bf4 Be7 50. Qe4 g5 51. Be3 h6 52. Bf2 Bf6 53. Bd4
Bd8 54. Qc2 Be7 55. Qe2 Bd8 56. g4 Qf7 57. Kg2 Qc7 58. Bf2 Kg6 59. Qe4+ Kg7 60.
Qc6 Kf7 61. Qxc7+ Bxc7 62. Bd4 Ke7 63. Kf3 Kd7 64. Ke4 Bd8 65. c5 bxc5 66. Bxc5
Be7 67. Bxe7 Kxe7 68. Kd4 1-0

[Event "Bad Woerishofen sen"]
[Site "?"]
[Date "2002.??.??"]
[Round "6"]
[White "Niebling, Ferdinand"]
[Black "Hein, Manfred"]
[Result "1/2-1/2"]
[WhiteElo "2192"]
[BlackElo "2107"]
[Annotator "ChessOrg"]
[PlyCount "149"]
[EventDate "2002.??.??"]

1. e4 d5 2. exd5 Qxd5 3. Nc3 Qa5 4. d4 c6 5. Nf3 Bg4 6. h3 Bxf3 7. Qxf3 Nf6 8.
Bc4 e6 9. Bd2 Qb6 10. O-O-O Qxd4 11. Bb3 Nbd7 12. Bf4 Qb4 13. Rhe1 Nc5 14. g4
Nxb3+ 15. axb3 Be7 16. Be5 O-O 17. Rd4 Qa5 18. Ra4 Qb6 19. Qg3 Rac8 20. g5 Nd7
21. Ne4 Nxe5 22. Qxe5 Qc7 23. Qxc7 Rxc7 24. Rxa7 f5 25. gxf6 gxf6 26. Ra4 f5
27. Rg1+ Kf7 28. Ng5+ Bxg5+ 29. Rxg5 Kf6 30. Rg1 Rg7 31. Rxg7 Kxg7 32. Ra7 Rf7
33. Kd2 Kg6 34. Ke3 e5 35. Kf3 Kg5 36. Ra5 Re7 37. Rc5 h5 38. Kg3 f4+ 39. Kg2
Kh4 40. b4 e4 41. b5 f3+ 42. Kf1 Rd7 43. Ke1 Rd5 44. Rc4 Rxb5 45. Rxe4+ Kxh3
46. b3 Rd5 47. Re7 b5 48. Rf7 Re5+ 49. Kf1 Kg4 50. Rg7+ Kf4 51. Rf7+ Ke4 52.
Ke1 Rf5 53. Re7+ Kf4 54. Rc7 Rf6 55. Rh7 Kg4 56. Rg7+ Kf4 57. Rh7 Rf5 58. b4 c5
59. bxc5 Rxc5 60. Rf7+ Ke4 61. Kd2 Rd5+ 62. Kc3 Rf5 63. Rh7 Kf4 64. Kd3 Rd5+
65. Kc3 Kg4 66. Rg7+ Rg5 67. Rh7 h4 68. Kd4 h3 69. Ke4 b4 70. Rh8 Rh5 71. Rg8+
Kh4 72. Kf4 Rh7 73. Rg4+ Kh5 74. Kg3 Rc7 75. Rxb4 1/2-1/2

[Event "Bad Woerishofen sen"]
[Site "?"]
[Date "2002.??.??"]
[Round "6"]
[White "Weigel, Herbert"]
[Black "Bierbach, Utz"]
[Result "1/2-1/2"]
[WhiteElo "2159"]
[BlackElo "2033"]
[Annotator "ChessOrg"]
[PlyCount "140"]
[EventDate "2002.??.??"]

1. e4 g6 2. d4 Bg7 3. f4 c5 4. c3 cxd4 5. cxd4 Qb6 6. Nf3 d6 7. Nc3 Bg4 8. Nd5
Qd8 9. Bb5+ Bd7 10. Be2 Nf6 11. Nxf6+ Bxf6 12. Be3 Qa5+ 13. Qd2 Qxd2+ 14. Bxd2
Nc6 15. Bc3 O-O 16. h3 e6 17. O-O Bg7 18. Rad1 d5 19. e5 a6 20. Bd3 b5 21. a3
Rfb8 22. b4 Rc8 23. Rc1 Ra7 24. g4 Rac7 25. Bd2 Bf8 26. Kf2 Nb8 27. Rxc7 Rxc7
28. f5 exf5 29. gxf5 Bxf5 30. Bxf5 gxf5 31. Rg1+ Kh8 32. Ke2 Nd7 33. Kd3 Nb6
34. Nh4 Rc6 35. Bg5 Bg7 36. Nxf5 h6 37. Bd2 Bf8 38. Ne3 Rg6 39. Rf1 Kg8 40. Ng4
Bg7 41. Rf5 Nc8 42. Rf3 h5 43. Ne3 Nb6 44. Nf5 Bf8 45. h4 Kh7 46. Ng3 Kg8 47.
Nxh5 Be7 48. Nf6+ Bxf6 49. h5 Rg2 50. Rxf6 Nc4 51. Be1 Rg1 52. Ke2 Nxa3 53.
Rxa6 Nc2 54. Bh4 Nxd4+ 55. Kf2 Rg4 56. Bf6 Kh7 57. Ra8 Rg8 58. Ra7 Kh6 59. Rxf7
Kxh5 60. Rd7 Nc6 61. Rxd5 Nxb4 62. Rxb5 Nc6 63. Rc5 Rc8 64. e6+ Kg6 65. Bh4 Na7
66. Rg5+ Kh7 67. Rf5 Nc6 68. Rf7+ Kg8 69. Bf6 Re8 70. Rg7+ Kf8 1/2-1/2

[Event "Bad Woerishofen sen"]
[Site "?"]
[Date "2002.??.??"]
[Round "6"]
[White "Niebaum, Karl"]
[Black "Thielemann, Joachim"]
[Result "0-1"]
[WhiteElo "1799"]
[BlackElo "2073"]
[Annotator "ChessOrg"]
[PlyCount "124"]
[EventDate "2002.??.??"]

1. d4 Nf6 2. Bg5 d5 3. Bxf6 exf6 4. Nf3 Bd6 5. e3 Bg4 6. Bd3 O-O 7. O-O Re8 8.
h3 Bh5 9. Nbd2 c6 10. c4 dxc4 11. Nxc4 Bc7 12. Qc2 Bxf3 13. Bxh7+ Kh8 14. gxf3
g6 15. Bxg6 fxg6 16. Kh1 Qd7 17. Kg2 Kg7 18. Rh1 Na6 19. Rag1 Nb4 20. Qb1 Qe6
21. b3 Rh8 22. Kf1 Rh6 23. f4 f5 24. Nd2 Rah8 25. Rg3 Nd5 26. Qc2 Nf6 27. Qb2
Kf7 28. Qa3 Ne4 29. Nxe4 Qxe4 30. Rh2 a5 31. Qc1 Rh5 32. f3 Qd5 33. Qc4 Qxc4+
34. bxc4 g5 35. Rhg2 R8h7 36. Rxg5 Rxg5 37. Rxg5 Kf6 38. e4 fxe4 39. fxe4 Rxh3
40. e5+ Kf7 41. f5 Bb6 42. d5 Be3 43. Rg2 Bd4 44. dxc6 bxc6 45. Rg6 c5 46. Ra6
Rf3+ 47. Ke2 Rf2+ 48. Kd3 Rxa2 49. Ra7+ Ke8 50. e6 a4 51. Ke4 a3 52. Kd5 Rd2
53. Ra8+ Ke7 54. Ra7+ Kf8 55. Ra8+ Kg7 56. Ra7+ Kg8 57. Ra8+ Kg7 58. Ra7+ Kh6
59. Ra6 Kg7 60. Ra7+ Kf6 61. Rf7+ Kg5 62. e7 Re2 0-1

[Event "Bad Woerishofen sen"]
[Site "?"]
[Date "2002.??.??"]
[Round "6"]
[White "Greifzu, Helmut"]
[Black "Scheerer, Helmut"]
[Result "1/2-1/2"]
[WhiteElo "2036"]
[BlackElo "1846"]
[Annotator "ChessOrg"]
[PlyCount "22"]
[EventDate "2002.??.??"]

1. d4 Nf6 2. Nf3 e6 3. c4 b6 4. e3 Bb7 5. Bd3 d5 6. Nc3 Be7 7. b3 O-O 8. Bb2
Nbd7 9. O-O c5 10. Qe2 Rc8 11. Rfd1 cxd4 1/2-1/2

[Event "Bad Woerishofen sen"]
[Site "?"]
[Date "2002.??.??"]
[Round "6"]
[White "Dryzek, Tadeusz"]
[Black "Ganslmayer, Herbert"]
[Result "1-0"]
[WhiteElo "2057"]
[BlackElo "1780"]
[Annotator "ChessOrg"]
[PlyCount "67"]
[EventDate "2002.??.??"]

1. e4 d5 2. exd5 Qxd5 3. Nc3 Qa5 4. d4 Nf6 5. Bc4 Bf5 6. Bd2 c6 7. Nf3 e6 8.
O-O Be7 9. Nd5 Qd8 10. Nxe7 Qxe7 11. a3 a5 12. b4 Ne4 13. Be1 Nd6 14. Bd3 axb4
15. Bxf5 exf5 16. Bxb4 Na6 17. Re1 Nxb4 18. Rxe7+ Kxe7 19. axb4 Ne4 20. Rxa8
Rxa8 21. g3 f6 22. Nh4 g6 23. Ng2 g5 24. Ne3 f4 25. Nf5+ Ke6 26. Nh6 f5 27. f3
Nc3 28. Qe1+ Kf6 29. Qxc3 Kg6 30. d5 cxd5 31. Qe5 Kxh6 32. Qf6+ Kh5 33. Qxf5 h6
34. Qf7# 1-0

[Event "Bad Woerishofen sen"]
[Site "?"]
[Date "2002.??.??"]
[Round "6"]
[White "Wolffram, Gert"]
[Black "Ruppert, Lothar"]
[Result "1/2-1/2"]
[WhiteElo "1754"]
[BlackElo "1993"]
[Annotator "ChessOrg"]
[PlyCount "31"]
[EventDate "2002.??.??"]

1. d4 Nf6 2. Nf3 g6 3. c4 Bg7 4. Nc3 d6 5. Bf4 O-O 6. e3 Bg4 7. Be2 Nc6 8. d5
Bxf3 9. Bxf3 Nb8 10. O-O Nbd7 11. Qc2 Rb8 12. h3 e5 13. dxe6 fxe6 14. Rad1 a6
15. a4 Qe7 16. Bg3 1/2-1/2

[Event "Bad Woerishofen sen"]
[Site "?"]
[Date "2002.??.??"]
[Round "6"]
[White "Xander, Karl"]
[Black "Haasper, Peter"]
[Result "1-0"]
[WhiteElo "1971"]
[BlackElo "1802"]
[Annotator "ChessOrg"]
[PlyCount "45"]
[EventDate "2002.??.??"]

1. e4 e6 2. d4 d5 3. Nd2 Nf6 4. e5 Nfd7 5. f4 c5 6. c3 Nc6 7. Ngf3 cxd4 8. Nxd4
Nxd4 9. cxd4 f6 10. Bd3 fxe5 11. Qh5+ g6 12. Bxg6+ hxg6 13. Qxh8 e4 14. O-O Qf6
15. Qxf6 Nxf6 16. Nb3 Bd7 17. Bd2 Rc8 18. Rac1 Rxc1 19. Rxc1 Bd6 20. Nc5 Bxc5
21. Rxc5 Bc6 22. Rc3 Kd7 23. Rg3 1-0

[Event "Bad Woerishofen sen"]
[Site "?"]
[Date "2002.??.??"]
[Round "6"]
[White "Gensbaur, Viktor"]
[Black "Moeckel, Edgar"]
[Result "1/2-1/2"]
[WhiteElo "1800"]
[BlackElo "2049"]
[Annotator "ChessOrg"]
[PlyCount "43"]
[EventDate "2002.??.??"]

1. e4 c6 2. d4 d5 3. e5 Bf5 4. Bd3 Bxd3 5. Qxd3 Qa5+ 6. c3 Qa6 7. Qxa6 Nxa6 8.
Nf3 e6 9. O-O c5 10. Be3 Rc8 11. Nbd2 cxd4 12. Bxd4 Bc5 13. Nb3 b6 14. Rad1 Ne7
15. Rd2 O-O 16. Rfd1 Nc6 17. h3 h6 18. Kf1 Ne7 19. Kg1 Ng6 20. Kh2 Nb8 21. Re1
Nd7 22. a3 1/2-1/2

[Event "Bad Woerishofen sen"]
[Site "?"]
[Date "2002.??.??"]
[Round "6"]
[White "von Hoesslin, Holger"]
[Black "Kuhn, Arno"]
[Result "1/2-1/2"]
[WhiteElo "1790"]
[BlackElo "1463"]
[Annotator "ChessOrg"]
[PlyCount "34"]
[EventDate "2002.??.??"]

1. e4 d5 2. Nc3 dxe4 3. Nxe4 e5 4. Bb5+ Bd7 5. Bxd7+ Nxd7 6. Nf3 Ngf6 7. Nxf6+
Qxf6 8. d3 h6 9. O-O Bc5 10. Re1 O-O-O 11. Qe2 Rhe8 12. d4 Bd6 13. c4 Bb4 14.
Bd2 Bxd2 15. Nxd2 e4 16. Qe3 Nb6 17. Nxe4 Qxd4 1/2-1/2

[Event "Bad Woerishofen sen"]
[Site "?"]
[Date "2002.??.??"]
[Round "6"]
[White "Janssen, Helmut"]
[Black "Meyer, Walter"]
[Result "1/2-1/2"]
[WhiteElo "1910"]
[BlackElo "1747"]
[Annotator "ChessOrg"]
[PlyCount "64"]
[EventDate "2002.??.??"]

1. e4 c5 2. Nf3 Nc6 3. d4 cxd4 4. Nxd4 g6 5. Nc3 Bg7 6. Be3 a6 7. Be2 Nf6 8.
O-O O-O 9. Qd2 d6 10. f3 d5 11. exd5 Nxd5 12. Nxd5 Qxd5 13. Rfd1 Nxd4 14. Bxd4
Rd8 15. c3 e5 16. Be3 Qxd2 17. Rxd2 Rxd2 18. Bxd2 Be6 19. Be3 Rd8 20. Kf2 h5
21. b3 Kh7 22. Rd1 Rxd1 23. Bxd1 Bd5 24. c4 Bc6 25. Bc2 Bf8 26. Bb6 Bb4 27. Ke3
f5 28. h3 Kg7 29. g4 hxg4 30. hxg4 Kf6 31. gxf5 gxf5 32. Bd3 Ke6 1/2-1/2

[Event "Bad Woerishofen sen"]
[Site "?"]
[Date "2002.??.??"]
[Round "6"]
[White "Neumann, Erwin"]
[Black "Schneider, Miloca"]
[Result "1-0"]
[WhiteElo "1810"]
[BlackElo "2078"]
[Annotator "ChessOrg"]
[PlyCount "69"]
[EventDate "2002.??.??"]

1. e4 d5 2. exd5 Qxd5 3. Nf3 Nf6 4. d4 Bg4 5. Be2 e6 6. h3 Bh5 7. O-O c6 8. c4
Qd6 9. Nc3 Nbd7 10. Be3 Be7 11. Qd2 Qc7 12. Bf4 Bd6 13. Bxd6 Qxd6 14. Rfd1 O-O
15. Qe3 Rfe8 16. Ne5 Bxe2 17. Qxe2 Rad8 18. c5 Qc7 19. Nc4 e5 20. dxe5 Nxc5 21.
Rxd8 Qxd8 22. Rd1 Qc7 23. Nd6 Re6 24. f4 g6 25. Qf2 Nfd7 26. b4 Na6 27. Qxa7
Nxb4 28. Qxb7 Qb6+ 29. Kh1 Qxb7 30. Nxb7 Nb6 31. Rd8+ Kg7 32. Nd6 Re7 33. Ne8+
Kh6 34. Nf6 Ra7 35. Rh8 1-0

[Event "Bad Woerishofen sen"]
[Site "?"]
[Date "2002.??.??"]
[Round "6"]
[White "Mantzouneas, Nikolaos"]
[Black "Josting, Friedel"]
[Result "0-1"]
[WhiteElo "2017"]
[BlackElo "1840"]
[Annotator "ChessOrg"]
[PlyCount "114"]
[EventDate "2002.??.??"]

1. d4 Nf6 2. Nf3 e6 3. c4 c5 4. d5 exd5 5. cxd5 d6 6. Nc3 g6 7. e4 Bg7 8. Bd3
O-O 9. O-O Bg4 10. h3 Bxf3 11. Qxf3 a6 12. a4 Nbd7 13. Bf4 Ne5 14. Bxe5 dxe5
15. g4 Ne8 16. Nd1 Nd6 17. Qe2 Rc8 18. Ne3 Bh6 19. Nc4 Nxc4 20. Bxc4 Bf4 21.
Rfd1 Qd6 22. Rd3 Rfd8 23. Raa3 Qe7 24. Rab3 Rd6 25. Rf3 g5 26. h4 gxh4 27. Rxf4
exf4 28. e5 Rg6 29. Rd3 f3 30. Qe4 Qg5 31. Rc3 Qxg4+ 32. Qxg4 Rxg4+ 33. Kh1 Re8
34. e6 fxe6 35. dxe6 Kg7 36. Bd5 Rf4 37. Rxc5 Kf6 38. Rc7 Re7 39. Rc3 Ke5 40.
Bc4 Rg7 41. b3 Rc7 42. Re3+ Kf6 43. Bd5 Re7 44. Bc4 b5 45. axb5 axb5 46. Bxb5
Rxe6 47. Rc3 Rd6 48. Bc6 Rd2 49. Bxf3 Rxf2 50. Bc6 Rb2 51. Bf3 Ke5 52. Kg1 Rd4
53. Bh5 Rdd2 54. Rc1 Rxb3 55. Bf7 Rbb2 56. Be8 h3 57. Kh1 Rh2+ 0-1

[Event "Bad Woerishofen sen"]
[Site "?"]
[Date "2002.??.??"]
[Round "6"]
[White "Bakalarozyk, Wiodzimien"]
[Black "Koenigl, Anton"]
[Result "1-0"]
[WhiteElo "2000"]
[BlackElo "1796"]
[Annotator "ChessOrg"]
[PlyCount "138"]
[EventDate "2002.??.??"]

1. d4 Nf6 2. Nf3 e6 3. c4 b6 4. Nc3 Bb7 5. a3 d6 6. e3 Nbd7 7. Be2 Be7 8. O-O
O-O 9. Re1 Re8 10. Qc2 Rc8 11. e4 e5 12. d5 c6 13. Qb1 Nf8 14. Bd2 Ng6 15. b4
Rb8 16. Qb3 Rf8 17. Rad1 Qc8 18. Qa4 Qc7 19. g3 Rfc8 20. Bf1 Rd8 21. Rc1 h6 22.
Bh3 Ne8 23. Be3 Bc8 24. Bg2 Bd7 25. dxc6 Bxc6 26. Qb3 Qd7 27. b5 Bb7 28. Red1
Qe6 29. Nd5 Bf8 30. Qa4 Bxd5 31. cxd5 Qd7 32. h4 Rdc8 33. Kh1 Rxc1 34. Rxc1 Qb7
35. Bh3 Nf6 36. Nd2 Nd7 37. Bxd7 Qxd7 38. Qc4 Rd8 39. Qc7 Be7 40. Qxd7 Rxd7 41.
Rc8+ Bf8 42. Kg2 Ne7 43. Ra8 Rc7 44. a4 f5 45. f3 Rc3 46. Kf2 fxe4 47. fxe4 Nc8
48. Ke2 Rc7 49. Nf3 Kf7 50. Ne1 Be7 51. Nd3 Rc4 52. Nc1 Rc7 53. Kd3 Ke8 54. Na2
Kd7 55. Nb4 g5 56. h5 Bf6 57. Nc6 Rb7 58. Ke2 Rc7 59. Kf3 Ke8 60. Kg4 Kf7 61.
Bd2 Bg7 62. Bb4 Bf8 63. a5 Kg7 64. a6 Kf7 65. Rb8 Ke8 66. Nxa7 Rxa7 67. Rxc8+
Kf7 68. Rb8 Be7 69. Rxb6 Ra8 1-0

[Event "Bad Woerishofen sen"]
[Site "?"]
[Date "2002.??.??"]
[Round "6"]
[White "Reinke, Kurt"]
[Black "Vorderbruegge, Franz-Josef"]
[Result "0-1"]
[WhiteElo "1920"]
[BlackElo "1679"]
[Annotator "ChessOrg"]
[PlyCount "112"]
[EventDate "2002.??.??"]

1. d4 d5 2. Nf3 Nf6 3. c4 c6 4. Nc3 dxc4 5. a4 Na6 6. e3 Bg4 7. Bxc4 e6 8. h3
Bh5 9. g4 Bg6 10. Qb3 Nb4 11. e4 Bxe4 12. Nxe4 Nxe4 13. O-O Be7 14. Re1 Nf6 15.
Bd2 Nfd5 16. a5 Qd6 17. Ne5 O-O 18. Nd3 Nxd3 19. Bxd3 Nf4 20. Bf1 Qxd4 21. Bc3
Qd7 22. Rad1 Nd5 23. Qc4 Qc7 24. Bd2 Bd6 25. Re4 Nf6 26. Ree1 Nd5 27. Re4 Nf6
28. Ree1 Rad8 29. g5 Nd7 30. h4 Ne5 31. Qe4 Ng6 32. h5 Ne7 33. Bc3 Bh2+ 34. Kh1
Qf4 35. Qg2 Rxd1 36. Rxd1 Nf5 37. Be2 Bg3 38. fxg3 Nxg3+ 39. Kg1 Qe3+ 40. Kh2
Nxe2 41. Rd7 Nxc3 42. bxc3 Qe5+ 43. Kh1 Qe1+ 44. Kh2 Qh4+ 45. Qh3 Qxg5 46. Rxb7
Qd2+ 47. Kg1 Qc1+ 48. Kh2 Rd8 49. Qg2 Qf4+ 50. Qg3 Rd2+ 51. Kh3 Qf5+ 52. Kh4
Qe4+ 53. Kh3 Qh1+ 54. Kg4 f5+ 55. Kf4 Qe4+ 56. Kg5 h6+ 0-1

[Event "Bad Woerishofen sen"]
[Site "?"]
[Date "2002.??.??"]
[Round "6"]
[White "Marzluf, Dieter"]
[Black "Schmid, Hermann"]
[Result "0-1"]
[WhiteElo "1831"]
[BlackElo "2169"]
[Annotator "ChessOrg"]
[PlyCount "132"]
[EventDate "2002.??.??"]

1. d4 c6 2. c3 d5 3. Nf3 Bf5 4. Qb3 Qb6 5. Qxb6 axb6 6. a3 e6 7. Bf4 Nd7 8.
Nbd2 b5 9. e3 Nb6 10. Be2 Na4 11. Ra2 h6 12. h4 Nf6 13. Ne5 Nd7 14. Nxd7 Kxd7
15. g4 Bg6 16. f3 f6 17. e4 dxe4 18. fxe4 e5 19. dxe5 fxe5 20. Bxe5 Re8 21. Bd4
Nc5 22. e5 Nd3+ 23. Bxd3 Bxd3 24. Rh3 Bg6 25. b4 Bf7 26. Ra1 Be7 27. Nf3 Bd5
28. Rd1 Rhf8 29. Bf2 Bd6 30. Bc5 Bxc5 31. bxc5 Kc7 32. Rd3 Rf4 33. g5 hxg5 34.
hxg5 Bxf3 35. Rhxf3 Rxf3 36. Rxf3 Rxe5+ 37. Kf2 Rxg5 38. Rf7+ Kb8 39. Ke2 Rxc5
40. Kd3 Rg5 41. Kc2 Ka7 42. Kb3 Rg4 43. Rf5 Kb6 44. Re5 c5 45. Re6+ Ka5 46. Re7
c4+ 47. Kc2 Rg2+ 48. Kb1 Ka4 49. Rxb7 g5 50. Kc1 g4 51. Kd1 g3 52. Ke1 Rb2 53.
Kf1 Kxa3 54. Kg1 Ka4 55. Rb8 Rc2 56. Ra8+ Kb3 57. Ra5 b4 58. cxb4 Kxb4 59. Rg5
g2 60. Rg3 c3 61. Rg8 Rd2 62. Rb8+ Ka3 63. Ra8+ Kb2 64. Rb8+ Kc1 65. Ra8 c2 66.
Ra7 Kd1 0-1

[Event "Bad Woerishofen sen"]
[Site "?"]
[Date "2002.??.??"]
[Round "7"]
[White "Thielemann, Joachim"]
[Black "Neumann, Erwin"]
[Result "1-0"]
[WhiteElo "2073"]
[BlackElo "1810"]
[Annotator "ChessOrg"]
[PlyCount "61"]
[EventDate "2002.??.??"]

1. e4 e5 2. Nf3 Nf6 3. Nxe5 d6 4. Nc4 Nxe4 5. d3 Nf6 6. Be2 Be7 7. O-O O-O 8.
Re1 Nc6 9. c3 d5 10. Ne3 Be6 11. d4 Qd7 12. Nd2 a6 13. Nf3 h6 14. Nf1 Bd6 15.
Be3 Bf5 16. Ng3 Bxg3 17. hxg3 Rfe8 18. Rc1 Ne4 19. Bf1 Re6 20. c4 Nf6 21. cxd5
Nxd5 22. Bc4 Nce7 23. Ne5 Qe8 24. g4 Bh7 25. g5 c6 26. gxh6 Nxe3 27. fxe3 Rxe5
28. dxe5 Ng6 29. e6 fxe6 30. Qg4 gxh6 31. Bxe6+ 1-0

[Event "Bad Woerishofen sen"]
[Site "?"]
[Date "2002.??.??"]
[Round "7"]
[White "Zunker, Reinhard"]
[Black "Schlag, Franz"]
[Result "0-1"]
[WhiteElo "2227"]
[BlackElo "2147"]
[Annotator "ChessOrg"]
[PlyCount "56"]
[EventDate "2002.??.??"]

1. e4 e5 2. Nf3 Nc6 3. Bb5 Bb4 4. O-O Nge7 5. a3 Ba5 6. b4 Bb6 7. Bb2 d6 8. h3
O-O 9. Bc4 Ng6 10. c3 Kh8 11. b5 Na5 12. Ba2 f5 13. exf5 Bxf5 14. d4 e4 15. Nh2
d5 16. Bc1 c6 17. a4 Bc7 18. Re1 Qf6 19. Be3 Nf4 20. Bxf4 Bxf4 21. Qe2 Qh4 22.
Ng4 h5 23. Ne3 Bxh3 24. Nf1 Rf6 25. Ng3 Bg4 26. Qc2 Raf8 27. Nd2 e3 28. Ndf1
exf2+ 0-1

[Event "Bad Woerishofen sen"]
[Site "?"]
[Date "2002.??.??"]
[Round "7"]
[White "Boeven, Manfred"]
[Black "Fischer, Johann"]
[Result "1-0"]
[WhiteElo "2134"]
[BlackElo "2306"]
[Annotator "ChessOrg"]
[PlyCount "61"]
[EventDate "2002.??.??"]

1. d4 Nf6 2. Nc3 d5 3. Bg5 Bf5 4. f3 Bg6 5. Qd2 Nbd7 6. O-O-O c6 7. e3 Qa5 8.
Kb1 e6 9. Bd3 Bxd3 10. cxd3 Qa6 11. e4 h6 12. Bxf6 Nxf6 13. Nge2 b5 14. Rc1 Be7
15. g4 Rb8 16. h4 Nd7 17. f4 h5 18. g5 b4 19. Nd1 Qb5 20. b3 Nb6 21. Qc2 Kd7
22. f5 exf5 23. Ne3 g6 24. exf5 Bd6 25. Rhf1 Rbe8 26. Ng2 Re7 27. fxg6 fxg6 28.
Rf6 Rhe8 29. Nef4 Bxf4 30. Nxf4 Re1 31. Nxg6 1-0